<?xml version="1.0" encoding="UTF-8"?>
<record
    xmlns:xsi="http://www.w3.org/2001/XMLSchema-instance"
    xsi:schemaLocation="http://www.loc.gov/MARC21/slim http://www.loc.gov/standards/marcxml/schema/MARC21slim.xsd"
    xmlns="http://www.loc.gov/MARC21/slim">

  <leader>00828nas a2200241 i 4500</leader>
  <controlfield tag="003">DO-SdBNP</controlfield>
  <controlfield tag="005">20260515110844.0</controlfield>
  <controlfield tag="007">ta</controlfield>
  <controlfield tag="008">260515e1958    dr mn|p|r||||||0| | spa d</controlfield>
  <datafield tag="040" ind1=" " ind2=" ">
    <subfield code="a">DO-SdBNP</subfield>
    <subfield code="b">spa</subfield>
    <subfield code="c">BNPHU</subfield>
    <subfield code="e">rda</subfield>
  </datafield>
  <datafield tag="041" ind1=" " ind2=" ">
    <subfield code="a">spa</subfield>
  </datafield>
  <datafield tag="245" ind1=" " ind2=" ">
    <subfield code="a">Panorama : de la actualidad hisp&#xE1;nico dominicano.</subfield>
  </datafield>
  <datafield tag="264" ind1=" " ind2=" ">
    <subfield code="a">Santo Domingo, Republica Dominicana :</subfield>
    <subfield code="b">[editor no identificado],</subfield>
    <subfield code="c">1958.</subfield>
  </datafield>
  <datafield tag="300" ind1=" " ind2=" ">
    <subfield code="a">volumen : </subfield>
    <subfield code="b">ilustraciones, fotograf&#xED;as, tablas ;</subfield>
    <subfield code="c">30 cm.</subfield>
  </datafield>
  <datafield tag="310" ind1=" " ind2=" ">
    <subfield code="a">mensual.</subfield>
  </datafield>
  <datafield tag="336" ind1=" " ind2=" ">
    <subfield code="a">texto</subfield>
    <subfield code="b">txt</subfield>
    <subfield code="2">rdacontent</subfield>
  </datafield>
  <datafield tag="337" ind1=" " ind2=" ">
    <subfield code="a">sin mediaci&#xF3;n </subfield>
    <subfield code="b">n</subfield>
    <subfield code="2">rdamedia</subfield>
  </datafield>
  <datafield tag="338" ind1=" " ind2=" ">
    <subfield code="a">volumen</subfield>
    <subfield code="b">nc</subfield>
    <subfield code="2">rdacarrier</subfield>
  </datafield>
  <datafield tag="362" ind1=" " ind2=" ">
    <subfield code="a">Numero 224, enero 1958.</subfield>
  </datafield>
  <datafield tag="500" ind1=" " ind2=" ">
    <subfield code="a">Catalogaci&#xF3;n basada en Numero 224, enero 1958.</subfield>
  </datafield>
  <datafield tag="650" ind1=" " ind2="0">
    <subfield code="a">Variedades</subfield>
    <subfield code="v">Publicaciones peri&#xF3;dicas</subfield>
    <subfield code="9">89561</subfield>
    <subfield code="z">Rep&#xFA;blica Dominicana</subfield>
  </datafield>
  <datafield tag="942" ind1=" " ind2=" ">
    <subfield code="2">ddc</subfield>
    <subfield code="c">ISSUE</subfield>
  </datafield>
  <datafield tag="952" ind1=" " ind2=" ">
    <subfield code="0">0</subfield>
    <subfield code="1">0</subfield>
    <subfield code="2">ddc</subfield>
    <subfield code="4">0</subfield>
    <subfield code="5">5</subfield>
    <subfield code="7">0</subfield>
    <subfield code="8">SE</subfield>
    <subfield code="a">BNPHU</subfield>
    <subfield code="b">BNPHU</subfield>
    <subfield code="d">2026-05-15</subfield>
    <subfield code="h">Numero 224, enero 1958</subfield>
    <subfield code="l">0</subfield>
    <subfield code="p">2026-4127</subfield>
    <subfield code="r">2026-05-15</subfield>
    <subfield code="t">e.1</subfield>
    <subfield code="w">2026-05-15</subfield>
    <subfield code="y">ISSUE</subfield>
    <subfield code="z">Disponible para consulta en Hemeroteca.</subfield>
  </datafield>
  <datafield tag="952" ind1=" " ind2=" ">
    <subfield code="0">0</subfield>
    <subfield code="1">0</subfield>
    <subfield code="2">ddc</subfield>
    <subfield code="4">0</subfield>
    <subfield code="5">5</subfield>
    <subfield code="7">0</subfield>
    <subfield code="8">SE</subfield>
    <subfield code="a">BNPHU</subfield>
    <subfield code="b">BNPHU</subfield>
    <subfield code="d">2026-05-15</subfield>
    <subfield code="h">Numero 227, abril 1958</subfield>
    <subfield code="l">0</subfield>
    <subfield code="p">2026-4128</subfield>
    <subfield code="r">2026-05-15</subfield>
    <subfield code="t">e.1</subfield>
    <subfield code="w">2026-05-15</subfield>
    <subfield code="y">ISSUE</subfield>
    <subfield code="z">Disponible para consulta en Hemeroteca.</subfield>
  </datafield>
  <datafield tag="952" ind1=" " ind2=" ">
    <subfield code="0">0</subfield>
    <subfield code="1">0</subfield>
    <subfield code="2">ddc</subfield>
    <subfield code="4">0</subfield>
    <subfield code="5">5</subfield>
    <subfield code="7">0</subfield>
    <subfield code="8">SE</subfield>
    <subfield code="a">BNPHU</subfield>
    <subfield code="b">BNPHU</subfield>
    <subfield code="d">2026-05-15</subfield>
    <subfield code="h">Numero 231, septiembre 1958</subfield>
    <subfield code="l">0</subfield>
    <subfield code="p">2026-4129</subfield>
    <subfield code="r">2026-05-15</subfield>
    <subfield code="t">e.1</subfield>
    <subfield code="w">2026-05-15</subfield>
    <subfield code="y">ISSUE</subfield>
    <subfield code="z">Disponible para consulta en Hemeroteca.</subfield>
  </datafield>
  <datafield tag="952" ind1=" " ind2=" ">
    <subfield code="0">0</subfield>
    <subfield code="1">0</subfield>
    <subfield code="2">ddc</subfield>
    <subfield code="4">0</subfield>
    <subfield code="5">5</subfield>
    <subfield code="7">0</subfield>
    <subfield code="8">SE</subfield>
    <subfield code="a">BNPHU</subfield>
    <subfield code="b">BNPHU</subfield>
    <subfield code="d">2026-05-15</subfield>
    <subfield code="h">Numero 233, noviembre 1958</subfield>
    <subfield code="l">0</subfield>
    <subfield code="p">2026-4130</subfield>
    <subfield code="r">2026-05-15</subfield>
    <subfield code="t">e.1</subfield>
    <subfield code="w">2026-05-15</subfield>
    <subfield code="y">ISSUE</subfield>
    <subfield code="z">Disponible para consulta en Hemeroteca.</subfield>
  </datafield>
  <datafield tag="952" ind1=" " ind2=" ">
    <subfield code="0">0</subfield>
    <subfield code="1">0</subfield>
    <subfield code="2">ddc</subfield>
    <subfield code="4">0</subfield>
    <subfield code="5">5</subfield>
    <subfield code="7">0</subfield>
    <subfield code="8">SE</subfield>
    <subfield code="a">BNPHU</subfield>
    <subfield code="b">BNPHU</subfield>
    <subfield code="d">2026-05-15</subfield>
    <subfield code="h">Numero 234, diciembre-enero 1959</subfield>
    <subfield code="l">0</subfield>
    <subfield code="p">2026-4131</subfield>
    <subfield code="r">2026-05-15</subfield>
    <subfield code="t">e.1</subfield>
    <subfield code="w">2026-05-15</subfield>
    <subfield code="y">ISSUE</subfield>
    <subfield code="z">Disponible para consulta en Hemeroteca.</subfield>
  </datafield>
  <datafield tag="952" ind1=" " ind2=" ">
    <subfield code="0">0</subfield>
    <subfield code="1">0</subfield>
    <subfield code="2">ddc</subfield>
    <subfield code="4">0</subfield>
    <subfield code="5">5</subfield>
    <subfield code="7">0</subfield>
    <subfield code="8">SE</subfield>
    <subfield code="a">BNPHU</subfield>
    <subfield code="b">BNPHU</subfield>
    <subfield code="d">2026-05-15</subfield>
    <subfield code="h">Numero 237,abri1959</subfield>
    <subfield code="l">0</subfield>
    <subfield code="p">2026-4132</subfield>
    <subfield code="r">2026-05-15</subfield>
    <subfield code="t">e.1</subfield>
    <subfield code="w">2026-05-15</subfield>
    <subfield code="y">ISSUE</subfield>
    <subfield code="z">Disponible para consulta en Hemeroteca.</subfield>
  </datafield>
  <datafield tag="999" ind1=" " ind2=" ">
    <subfield code="c">60755</subfield>
    <subfield code="d">60755</subfield>
  </datafield>
</record>
